Evaluación de las márgenes de carretera sobre la Ruta Nacional no 32 y diseño de soluciones en materia de seguridad vial
Uloženo v:
| Hlavní autor: | |
|---|---|
| Médium: | Kniha |
| Jazyk: | Spanish |
| Vydáno: |
[San José], Costa Rica
2013
|
| Témata: | |
| Tagy: |
Přidat tag
Žádné tagy, Buďte první, kdo vytvoří štítek k tomuto záznamu!
|
MARC
| LEADER | 00000nam a22000007a 4500 | ||
|---|---|---|---|
| 003 | 011861 | ||
| 005 | 20221231143903.0 | ||
| 008 | 150318b2013 cr a|||| |||| 00| 0 spa d | ||
| 040 | |c cru CEDI | ||
| 090 | |a TFG 7029 | ||
| 100 | |9 574 |a Rodríguez Shum, Sthephan | ||
| 245 | |a Evaluación de las márgenes de carretera sobre la Ruta Nacional no 32 y diseño de soluciones en materia de seguridad vial | ||
| 260 | |a [San José], Costa Rica |c 2013 | ||
| 500 | |a Proyecto de graduación (licenciatura en ingeniería civil)--Universidad de Costa Rica. Facultad de Ingeniería. Escuela de Ingeniería Civil | ||
| 650 | |x CARRETERA BRAULIO CARRILLO (COSTA RICA) - EVALUACION |x CONSTRUCCION DE CARRETERAS - EVALUACION |x ACCIDENTES DE TRANSITO - PREVENCION |x MUROS DE CONTENCION |x SEGURIDAD VIAL |x INGENIERÍA DE CARRETERAS |9 575 | ||
| 942 | |c TFG | ||
| 999 | |c 13755 |d 13755 | ||
